000 00536nam a2200217Ia 4500
003 BUBTL
008 151213s9999 xx 000 0 und d
020 _a81-297-0028-x
082 _a677CRB
100 _aLeslie Cramwell.
245 _aBiomedical Instrumentation and Measurements
_cLeslie Cramwell.
250 _a2nd
260 _aIndia
_bPearson Education
_c1980
300 _a8125 p.
650 _aTextile
650 _aTextile
700 _aLeslie Cramwell.
856 _k0
_l0
_yDownload
942 _2ddc
_cBK
999 _c4090
_d4090